Statistiques concernant La Turquie de A à Z

Cliquez ici pour prendre le quiz!

Statistiques générales

  • Ce quiz a été pris 532 fois
  • Le résultat moyen est 12 sur 26

Statistiques - réponses

LettreIndiceRéponse% Correct
APremier président de la république de Turquie de 1923 à 1938Atatürk
89%
EPrésident actuel depuis 2014Erdoğan
89%
BDessert traditionnel turc et perse très sucréBaklava
83%
FL’un des clubs de football d’Istanbul ayant remporté le championnat 19 fois, ses couleurs sont le jaune et le bleu marine et sa traduction littérale est «lanterne de jardin»Fenerbahçe SK
78%
HType de bain à vapeur appelé à tord bain turc dans de nombreux pays occidentaux alors qu’il appartient plutôt au monde arabeHammam
73%
ITroisième plus grande ville du pays avec 4,367 millions d’habitant (en 2019)Izmir
69%
LAussi appelé pizza turque en français, c’est un plat de la cuisine levantine composé de pain garni de viande hachéeLahmacun
64%
KDésigne différents plats à base de viande grillée, sa traduction signifie «viande grillé»Kebab
62%
OEmpire fondé à la fin du XIIIᵉ siècle au Nord-Ouest de l'Anatolie, sa dissolution à lieu en 1922 suite à sa défaite lors de la Première Guerre mondialeEmpire Ottoman
60%
SCélèbre édifice historique à Istanbul qui a servi de cathédrale et de mosquéeSainte-Sophie
60%
CRégion semi-aride du centre de la Turquie connu pour ses cheminées de fées et voyages en montgolfièresCappadoce
59%
TCélèbre chanteur turc, son titre Şımarık sorti en 1997 est le plus connu et a été écrit par Sezen AksuTarkan
50%
MMer qui borde le Sud de IstanbulMer Marmara
47%
RBoisson nationale qui est à base d’eau-de-vie de vin aromatisée à l’anisRaki
44%
GVille du Sud-Est du pays dans la province du même nom et proche de la frontière syrienneGaziantep
42%
PSite naturel touristique du Sud-Ouest du pays composé de sources d’eau naturellement chaude à 36°C saturées de sels minéraux, la roche y est blanche d’où le nom du site qui signifie « château de coton »Pamukkale
39%
WRéseau sociale le plus utiliséWhat's app
39%
VVille située près d’un lac du même nom, célèbre pour ses îles et son château ainsi qu’une espèce de chat
Van
36%
YLait fermenté qui est aujourd’hui un produit de grande consommation que l’on prend généralement en dessertYoğurt
33%
QQue sont « Ortakoy », « Karaköy », « Sultanahmet », « Bebek » ou encore « Beşiktaş » pour Istanbul ?Quartiers
27%
UAncien nom de la ville Şanlıurfa au Sud-Est de la Turquie, son nom durant l’antiquité était ÉdesseUrfa
26%
DDétroit qui relis la mer Égée à la mer « M »Dardanelles
18%
JEmpereur byzantin qui a ordonné la construction de « S »Justinien Ier
11%
ZPopulations kurdes parlant le zazaki, on en compte entre 3 et 5 millions en Turquie, la ville de Varto dans le Sud du pays est représentée par 94 % de cette populationZazas
5%
NCité du Nord-Ouest de l’Anatolie fondée vers -300 avant J.C. qui correspond à la ville d’Iznik dans la province de BursaNicée
3%
XAncienne cité-État grecque de Lycie qui domine le fleuve du même nom (aujourd’hui Eşen Çayı), célèbre pour ses monuments funérairesXanthe / Xanthos
1%

Distribution des résultats

Percentile par nombre de réponses

% des personnes avec chaque résultat

Votre développement - résultats

Vous n’avez pas pris ce quiz